000 00505nam a22002057a 4500
003 koha_MIRAKIL
005 20231213100319.0
008 231213b |||||||| |||| 00| 0 ||| d
020 _b978-6-05-370232-0
040 _aTR-IsEVY
_btur
_cTR-IsEVY
082 _a813.42 DUR/F
100 _aDursun, Fatih.
245 0 _aFatih'in kanatları
250 _a1. bs.
260 _bNar Yayınları,
_c2014
300 _a288 s.
650 _aTürk romanı.
650 _aTurkish fiction.
942 _2ddc
_cBK
999 _c17966
_d17966